| 000 | 00960cam a2200277 4500 | ||
|---|---|---|---|
| 999 |
_c32329 _d32329 |
||
| 001 | 372912 | ||
| 003 | ARRUPE | ||
| 005 | 20171010110049.0 | ||
| 008 | 720209s1971 sa b 001 0 eng | ||
| 010 | _a 77885478 | ||
| 015 | _aSANB*** | ||
| 040 |
_aDLC _cDLC _dDLC |
||
| 043 | _af-rh--- | ||
| 050 | 0 | 0 |
_aGR360.S5 _bK7 |
| 082 | 0 | 0 | _a390/.09689/1 |
| 100 | 1 |
_aKriel, Abraham. _936948 |
|
| 245 | 1 | 3 | _aAn African horizon. |
| 260 |
_aCape Town, _bPrinted by Permanent Pub. House, _c1971. |
||
| 300 |
_a247, xxii p. _c22 cm. |
||
| 490 | 1 | _aCommunication no. 35 of the School of African Studies, University of Cape Town | |
| 504 | _aBibliography: p. xxi-xxii. | ||
| 650 | 0 |
_aShona (African people) _xFolklore. _936949 |
|
| 650 | 0 |
_aFolklore _xClassification. _936950 |
|
| 810 | 1 |
_aCape Town. _bUniversity of Cape Town. _bSchool of African Studies. _tCommunications, _vno. 35. _936951 |
|
| 906 |
_a7 _bcbc _corignew _d4 _encip _f19 _gy-gencatlg |
||
| 942 |
_2lcc _cMONOGRAPH |
||